[Event "SVK-chT1W 0809"]
[Site "Slovakia"]
[Date "2008.12.14"]
[Round "6.2"]
[White "Machalova, Erika"]
[Black "Peitl, Tomas"]
[Result "0-1"]
[WhiteElo "2142"]
[BlackElo "2033"]
[PlyCount "124"]
[EventDate "2008.10.18"]
[EventType "team-tourn"]
[EventRounds "11"]
[EventCountry "SVK"]
[SourceTitle "EXT 2010"]
[Source "ChessBase"]
[SourceDate "2010.11.25"]
[SourceVersion "1"]
[SourceVersionDate "2010.11.25"]
[SourceQuality "1"]
[WhiteTeam "Budmerice"]
[BlackTeam "Bratislava Slovan II"]
[WhiteTeamCountry "SVK"]
[BlackTeamCountry "SVK"]

1. d4 Nf6 2. c4 e6 3. Nc3 Bb4 4. Qc2 0-0 5. Nf3 c5 6. dxc5 Na6 7. a3 Bxc3+ 8. Qxc3 Nxc5 9. Bg5 Nce4 10. Bxf6 Qxf6 11. Qc2 d5 12. Rd1 Re8 13. e3 b6 14. cxd5 exd5 15. Bb5 Bh3 16. 0-0 Bxg2 17. Kxg2 Qg6+ 18. Ng5 Qxg5+ 19. Kh1 Re6 20. Bd3 Qh5 21. Qe2 Qh3 22. Rg1 Rh6 23. Rg2 Rc8 24. Rdg1 Rg6 25. Rxg6 hxg6 26. Rd1 Ng5 27. f4 Ne6 28. Qf2 d4 29. exd4 Nxd4 30. Bf1 Qf3+ 31. Qxf3 Nxf3 32. Be2 Nh4 33. Bd3 Rd8 34. Kg1 Rd4 35. Be2 Rxf4 36. Rd8+ Kh7 37. Rd7 a5 38. Rd6 Rf6 39. Rd7 Nf3+ 40. Kg2 Ng5 41. Bc4 Rf4 42. Bd3 Ne6 43. Bb5 Nc5 44. Rc7 g5 45. Be8 Kg6 46. b4 axb4 47. axb4 Nd3 48. Rc6+ Rf6 49. Rc4 Ne5 50. Rd4 Re6 51. Ba4 f5 52. Bc2 Nc6 53. Rc4 Rd6 54. Ba4 Ne5 55. Be8+ Kf6 56. Rc7 f4 57. Rc2 g4 58. b5 Kf5 59. Bc6 f3+ 60. Kg3 Rd1 61. h3 gxh3 62. Kxh3 Kf4 0-1

[Event "SVK-chT1W 0809"]
[Site "Slovakia"]
[Date "2008.11.23"]
[Round "4.3"]
[White "Nagy, Attila2222"]
[Black "Machalova, Erika"]
[Result "1/2-1/2"]
[WhiteElo "2199"]
[BlackElo "2142"]
[PlyCount "125"]
[EventDate "2008.10.18"]
[EventType "team-tourn"]
[EventRounds "11"]
[EventCountry "SVK"]
[SourceTitle "EXT 2010"]
[Source "ChessBase"]
[SourceDate "2010.11.25"]
[SourceVersion "1"]
[SourceVersionDate "2010.11.25"]
[SourceQuality "1"]
[WhiteTeam "Galanta"]
[BlackTeam "Budmerice"]
[WhiteTeamCountry "SVK"]
[BlackTeamCountry "SVK"]

1. e4 c5 2. Nf3 d6 3. d4 cxd4 4. Nxd4 Nf6 5. Nc3 a6 6. Be3 e5 7. Nb3 Be6 8. f3 Be7 9. Qd2 b5 10. 0-0-0 0-0 11. g4 b4 12. Nd5 Bxd5 13. exd5 a5 14. Kb1 Nbd7 15. g5 Nh5 16. Rg1 g6 17. h4 Qc7 18. Bh3 Nb6 19. Bxb6 Qxb6 20. Qe1 Nf4 21. Bd7 a4 22. Nc1 Rfb8 23. Bc6 Ra7 24. Nd3 Nxd3 25. Rxd3 Bf8 26. h5 Bg7 27. h6 Bf8 28. Qe3 Qa5 29. Rf1 a3 30. b3 Re7 31. Qf2 Qc7 32. Re3 Qc8 33. f4 Qf5 34. fxe5 Qxg5 35. exd6 Qxe3 36. dxe7 Qxe7 37. d6 Qxd6 38. Qxf7+ Kh8 39. Bd5 Bxh6 40. Re1 Rf8 41. Re8 Rxe8 42. Qxe8+ Qf8 43. Qxf8+ Bxf8 44. Kc1 Bg7 45. c4 Bd4 46. Kd2 Kg7 47. Kd3 Bf2 48. Bf3 Kf6 49. Ke4 Ke6 50. Bg4+ Kd6 51. Kf4 h5 52. Bf3 Bh4 53. Ke4 Bf6 54. Be2 Bc3 55. Bf3 Be1 56. Be2 Bf2 57. Bf3 Ke6 58. Be2 Bb6 59. Bf3 h4 60. Bg4+ Kd6 61. Bh3 Bd8 62. Bc8 g5 63. Bg4 1/2-1/2

[Event "SVK-chT1W 0809"]
[Site "Slovakia"]
[Date "2008.11.22"]
[Round "3.3"]
[White "Machalova, Erika"]
[Black "Arendas, Marek"]
[Result "0-1"]
[WhiteElo "2142"]
[BlackElo "2109"]
[PlyCount "66"]
[EventDate "2008.10.18"]
[EventType "team-tourn"]
[EventRounds "11"]
[EventCountry "SVK"]
[SourceTitle "EXT 2010"]
[Source "ChessBase"]
[SourceDate "2010.11.25"]
[SourceVersion "1"]
[SourceVersionDate "2010.11.25"]
[SourceQuality "1"]
[WhiteTeam "Budmerice"]
[BlackTeam "Trnava Lokomotiva"]
[WhiteTeamCountry "SVK"]
[BlackTeamCountry "SVK"]

1. d4 d5 2. c4 c6 3. Nc3 Nf6 4. Nf3 e6 5. e3 Nbd7 6. Bd3 Bd6 7. 0-0 0-0 8. b3 Re8 9. Qc2 e5 10. cxd5 cxd5 11. dxe5 Nxe5 12. Be2 Bg4 13. Qd1 Nxf3+ 14. Bxf3 Bxf3 15. Qxf3 Be5 16. Bb2 Ne4 17. Rfc1 Rc8 18. Na4 Qd6 19. Qh3 Rc7 20. Rxc7 Qxc7 21. Rc1 Qb8 22. Bxe5 Qxe5 23. Qd7 b5 24. Qxb5 Nxf2 25. Re1 Ng4 26. g3 Nxe3 27. Nc5 d4 28. Qc6 Rd8 29. Nb7 Rf8 30. Nc5 Qf5 31. Nd7 Rd8 32. Nc5 Rc8 33. Qd7 Qxc5 0-1

[Event "SVK-chT1W 0809"]
[Site "Slovakia"]
[Date "2008.10.19"]
[Round "2.3"]
[White "Machalova, Erika"]
[Black "Janco, Darius"]
[Result "1-0"]
[WhiteElo "2059"]
[BlackElo "2142"]
[PlyCount "93"]
[EventDate "2008.10.18"]
[EventType "team-tourn"]
[EventRounds "11"]
[EventCountry "SVK"]
[SourceTitle "EXT 2010"]
[Source "ChessBase"]
[SourceDate "2010.11.25"]
[SourceVersion "1"]
[SourceVersionDate "2010.11.25"]
[SourceQuality "1"]
[WhiteTeam "Budmerice"]
[BlackTeam "Dubnica nad Vahom II"]
[WhiteTeamCountry "SVK"]
[BlackTeamCountry "SVK"]

1. d4 Nf6 2. c4 g6 3. Nc3 Bg7 4. e4 0-0 5. f3 d6 6. Be3 c6 7. Qd2 a6 8. a4 Nbd7 9. Nge2 Rb8 10. Bh6 b5 11. Bxg7 Kxg7 12. d5 b4 13. Nd1 Ne5 14. Ne3 e6 15. dxc6 Nxc6 16. Rd1 Qb6 17. Nd4 Ne7 18. b3 e5 19. Ne2 Be6 20. g4 Rbd8 21. h4 h5 22. Bh3 Rh8 23. gxh5 Bxh3 24. Rxh3 Nxh5 25. Ng4 f6 26. Kf1 Rh7 27. Ng3 Nf4 28. Rh2 Kf7 29. Ne3 Kg7 30. h5 gxh5 31. Ngf5+ Nxf5 32. Nxf5+ Kf7 33. Rh4 Rhh8 34. Rxf4 exf4 35. Qd5+ Kg6 36. Ne7+ Kg7 37. Qf5 Rh6 38. Qxf4 Rg6 39. Nxg6 Kxg6 40. Qf5+ Kg7 41. Rd2 Kf7 42. Qxh5+ Ke7 43. Qh7+ Ke6 44. f4 d5 45. exd5+ Kd6 46. Re2 Kc5 47. Qe7+ 1-0

[Event "SVK-chT1W 0809"]
[Site "Slovakia"]
[Date "2008.10.18"]
[Round "1.3"]
[White "Sebesta, Radovan"]
[Black "Machalova, Erika"]
[Result "0-1"]
[WhiteElo "2091"]
[BlackElo "2142"]
[PlyCount "68"]
[EventDate "2008.10.18"]
[EventType "team-tourn"]
[EventRounds "11"]
[EventCountry "SVK"]
[SourceTitle "EXT 2010"]
[Source "ChessBase"]
[SourceDate "2010.11.25"]
[SourceVersion "1"]
[SourceVersionDate "2010.11.25"]
[SourceQuality "1"]
[WhiteTeam "Senica SK"]
[BlackTeam "Budmerice"]
[WhiteTeamCountry "SVK"]
[BlackTeamCountry "SVK"]

1. e4 c5 2. Nf3 d6 3. d4 cxd4 4. Nxd4 Nf6 5. Nc3 a6 6. Be2 e5 7. Nb3 Be6 8. 0-0 Be7 9. Be3 b5 10. f3 Nbd7 11. Qd2 0-0 12. Rfd1 Nb6 13. Bd3 d5 14. exd5 Nbxd5 15. Nxd5 Bxd5 16. Qe2 Qc7 17. Bf2 Be6 18. Bg3 Bd6 19. Re1 Rfe8 20. Rad1 Bxb3 21. axb3 Nh5 22. Be4 Rad8 23. c3 Nxg3 24. hxg3 Bc5+ 25. Kf1 Rd6 26. Rxd6 Qxd6 27. Qd3 Qh6 28. Qd7 Qh1+ 29. Ke2 Qxg2+ 30. Kd1 Rf8 31. Qc7 Bf2 32. Re2 Qf1+ 33. Kd2 Bxg3 34. Bd3 Bf4+ 0-1

[Event "SVK-chT2A 0809"]
[Site "Slovakia"]
[Date "2008.10.11"]
[Round "1.2"]
[White "Skreno, Vladimir"]
[Black "Machalova, Erika"]
[Result "0-1"]
[WhiteElo "2208"]
[BlackElo "2142"]
[PlyCount "80"]
[EventDate "2008.10.11"]
[EventType "team-tourn"]
[EventRounds "11"]
[EventCountry "SVK"]
[SourceTitle "EXT 2010"]
[Source "ChessBase"]
[SourceDate "2010.11.25"]
[SourceVersion "1"]
[SourceVersionDate "2010.11.25"]
[SourceQuality "1"]
[WhiteTeam "Hlohovec SK Zentiva II"]
[BlackTeam "Bratislava Doprastav IV"]
[WhiteTeamCountry "SVK"]
[BlackTeamCountry "SVK"]

1. d4 Nf6 2. Nf3 e6 3. c4 b6 4. g3 Bb7 5. Bg2 Be7 6. 0-0 0-0 7. d5 exd5 8. Nh4 c5 9. Nf5 d6 10. Nc3 Nbd7 11. cxd5 Re8 12. Bg5 Nf8 13. Re1 Ng6 14. e4 Rb8 15. Bc1 Bc8 16. Nxe7+ Qxe7 17. Bg5 h6 18. e5 dxe5 19. d6 Qd7 20. Bxf6 gxf6 21. Qd2 Kg7 22. f4 Bb7 23. Bxb7 Rxb7 24. Rad1 Qg4 25. Qg2 Rd7 26. h3 Qe6 27. Rf1 f5 28. fxe5 Nxe5 29. Nb5 Qg6 30. b3 Red8 31. Kh2 a6 32. Qb2 Qf6 33. Nc3 Rxd6 34. Rxd6 Rxd6 35. Qc2 Qg5 36. Rf2 Rd3 37. Ne2 Qe3 38. Rxf5 Nf3+ 39. Kh1 Nd4 40. Nxd4 Qe1+ 0-1